Swinburne : (Record no. 77429)
[ view plain ]
| 000 -LEADER | |
|---|---|
| fixed length control field | 00635nam a22002177a 4500 |
| 001 - CONTROL NUMBER | |
| control field | 77429 |
| 003 - CONTROL NUMBER IDENTIFIER | |
| rucl marc code | BD-RjUL |
| 005 - DATE AND TIME OF LATEST TRANSACTION | |
| control field | 20211209082953.0 |
| 008 - FIXED-LENGTH DATA ELEMENTS--GENERAL INFORMATION | |
| fixed length control field | 200910r19501940enk||||| |||| 00| 0 eng d |
| 035 ## - SYSTEM CONTROL NUMBER | |
| System control number | (BD-RjUL)77654 |
| 040 ## - CATALOGING SOURCE | |
| Original cataloging agency | BD-RjUL |
| Language of cataloging | eng |
| Transcribing agency | BD-RjUL |
| 041 ## - LANGUAGE CODE | |
| Language code of text/sound track or separate title | eng |
| 082 ## - DEWEY DECIMAL CLASSIFICATION NUMBER | |
| Classification number | 821.8 |
| Author mark and year | SWS 1950 |
| 100 ## - MAIN ENTRY--PERSONAL NAME | |
| Personal name | Swinburne, Algernon Charles |
| 9 (RLIN) | 241353 |
| 245 10 - TITLE STATEMENT | |
| Title | Swinburne : |
| Remainder of title | poems and prose / |
| Statement of responsibility, etc. | Algernon Charles Swinburne |
| 260 ## - PUBLICATION, DISTRIBUTION, ETC. (IMPRINT) | |
| Place of publication, distribution, etc. | London : |
| Name of publisher, distributor, etc. | J.M. Dent & Sons, |
| Date of publication, distribution, etc. | 1940 [reprint 1950] |
| 300 ## - PHYSICAL DESCRIPTION | |
| Pagination | 377 p.; |
| Size | 18 cm. |
| 650 ## - SUBJECT ADDED ENTRY--TOPICAL TERM | |
| Topical term or geographic name as entry element | English poetry |
| 9 (RLIN) | 241354 |
| Topical term or geographic name as entry element | English prose literature |
| 9 (RLIN) | 241355 |
| 942 ## - ADDED ENTRY ELEMENTS (KOHA) | |
| Source of classification or shelving scheme | Dewey Decimal Classification |
| Koha item type | Books |
| Lost status | Source of classification or shelving scheme | Damaged status | Not for loan | Collection code | Permanent Location | Current Location | Shelving location | Date acquired | Source of acquisition | Cost, normal purchase price | Total Checkouts | Full call number | Date last seen | Copy number | Koha item type |
|---|---|---|---|---|---|---|---|---|---|---|---|---|---|---|---|
| Dewey Decimal Classification | Not For Loan | Non-fiction | Central Library, University of Rajshahi | Central Library, University of Rajshahi | Reading Room | 27/09/1955 | B.H. Blackwell | 55.00 | 821.8 SWS 1950 | 10/09/2020 | C-1 | Books |